000 00534nam a2200181Ia 4500
005 20250508150833.0
008 008 250505s9999 xx 000 0 eng d
037 _aTextual
040 _aFEDL
_beng
_cFEDL
041 _aeng
_2eng
084 _a153.94, COX
_qFEDL
100 _aCox John W.
_9757781
245 0 _aMechanical aptitude : Its existence, nature and measurement
260 _aLondon, UK
_bMethuen and Co. Ltd.
_c1928
300 _axiii,209p.
942 _cTEXL
_h153.94, COX
999 _c1325978
_d1325978